MARC

Tag First Indicator Second Indicator Subfields
LEADER 00000cam a2200000 a 4500
001 in00000008516
005 20230810113243.0
008 880202s1986 enk b 000 0 eng
010 |a  86222582  
015 |a GB8610229  |2 bnb 
019 |a 13333176 
020 |a 0704325241 
020 |a 9780704325241 
029 1 |a AU@  |b 000004409534 
029 1 |a GEBAY  |b 794832 
029 1 |a NOK  |b 0704325241 
029 1 |a UNITY  |b 079971881 
035 |a (OCoLC)ocm17550975  
035 |a (OCoLC)17550975  |z (OCoLC)13333176 
035 |a (OCoLC)ocm17550975  
040 |a DLC  |b eng  |c DLC  |d UKM  |d BTCTA  |d BAKER  |d YDXCP  |d GEBAY  |d BDX  |d OCLCO  |d VT2  |d OCLCF  |d OCLCQ  |d OCLCO  |d UWO  |d OCLCQ  |d OCLCO  |d OCLCA  |d OCLCO 
043 |a e-ie---  |a e-uk-ni  |a ff----- 
050 0 0 |a DA925  |b .Q56 1986 
050 1 4 |a GN751 
082 0 0 |a 941  |2 19 
100 1 |a Quinn, Bob. 
245 1 0 |a Atlantean /  |c Bob Quinn. 
260 |a London ;  |a New York :  |b Quartet Books,  |c 1986. 
300 |a 184 pages ;  |c 23 cm 
336 |a text  |b txt  |2 rdacontent 
337 |a unmediated  |b n  |2 rdamedia 
338 |a volume  |b nc  |2 rdacarrier 
504 |a Includes bibliographical references (pages 178-184). 
651 0 |a Ireland  |x Civilization  |x African influences. 
651 0 |a Ireland  |x Civilization  |x Middle Eastern influences. 
650 0 |a Atlantis (Legendary place) 
650 6 |a Atlantide (Lieu imaginaire) 
650 7 |a Atlantis (Legendary place)  |2 fast  |0 (OCoLC)fst01429815 
650 7 |a Civilization  |x African influences.  |2 fast  |0 (OCoLC)fst00862900 
650 7 |a Civilization  |x Middle Eastern influences.  |2 fast  |0 (OCoLC)fst01352380 
651 7 |a Ireland.  |2 fast  |0 (OCoLC)fst01205427 
650 7 |a Kultur  |2 gnd 
650 7 |a Geschichte  |2 gnd 
651 7 |a Nordafrika  |2 gnd 
651 7 |a Irland  |2 gnd 
653 |a Ireland  |a Atlantean civilization 
776 0 8 |i Online version:  |a Quinn, Bob.  |t Atlantean.  |d London ; New York : Quartet Books, 1986  |w (OCoLC)571654080 
938 |a Baker & Taylor  |b BKTY  |c 16.95  |d 16.95  |i 0704325241  |n 0001232139  |s active 
938 |a Brodart  |b BROD  |n 38170957  |c $16.95 
938 |a Baker and Taylor  |b BTCP  |n bl 99976733 
938 |a YBP Library Services  |b YANK  |n 583544 
948 |h HELD BY TXA - 102 OTHER HOLDINGS 
994 |a Z0  |b TXA 
999 f f |s 0edd102e-5079-3b11-b4de-725f3d96ec5e  |i f95ebce3-0fd9-321f-8ae0-4f6a9cc036aa  |t 0 
952 f f |p ric  |a Texas A&M University  |b Rellis Campus  |c Joint Library Facility  |d Remote Storage  |t 0  |e GN751 .Q56 1986  |h Library of Congress classification  |i unmediated -- volume  |m A14812612810 
998 f f |a GN751 .Q56 1986  |t 0  |l Remote Storage